| 000 | 00363nam a2200145 i 4500 | ||
|---|---|---|---|
| 001 | bg | ||
| 100 | 1 | _aKOLOBOV, A. M. | |
| 245 | 0 |
_aIzbrannye glavy vyssej matematiki. Cast 3 / _cA.M. Kolobov, G.S. Neverov. |
|
| 260 |
_aMinsk, _c1971. |
||
| 700 | 1 | _aNEVEROV, G. S. | |
| 040 | _cBPK | ||
| 041 | _apol | ||
| 942 | _cKS | ||
| 008 | s pl f |000 0 pol | ||
| 999 |
_c25529 _d25529 |
||
| 856 |
_uhttp://koha.tu.koszalin.pl/cgi-bin/koha/opac-detail.pl?biblionumber=25529 _yKatalog online BPK |
||